Grónsko dnes

Bibliographic Details
Other Authors: Müller, Rolf (Photographer), Silis, Ivan (Photographer)
Format: Book
Language:Slovak
PhysicalDescription:4 s. fotoreprod., inform., mp. 30 x 21 cm
Published: Kodaň Ministerstvo pre kultúrne záležitosti [asi 1990]
Edition:[1. vyd.]
Subjects:

MARC

LEADER 00000nam a2200000 a 4500
001 vtls001249349
003 SK-MaSNL
005 20260301190730.0
008 210928s1990 dk ob g c 00000 slo
035 |a SNK000200168 
040 |a SNK  |b slo  |c SNK  |e AACR2 
041 0 |a slo 
043 |a n-gl--- 
044 |a DK 
080 |a 908.988:061.4(083.9)  |2 1981 
080 |a 323.113(=854)(497.1)  |2 1981 
080 |a 929 Bulík, Ján  |2 1981 
245 0 0 |a Grónsko dnes  |c text Poul Bo Christensen, Ole G. Jensen ; Fotogr. Rolf Müller, Ivan Silis 
250 |a [1. vyd.] 
260 |a Kodaň  |b Ministerstvo pre kultúrne záležitosti  |c [asi 1990] 
300 |a 4 s.  |b fotoreprod., inform., mp.  |c 30 x 21 cm 
651 7 |a Grónsko  |2 SNKPH  |9 167652 
651 7 |a Greenland  |2 SNKPHeng  |9 434633 
655 7 |a katalógy výstav  |2 SNKPH  |9 70445 
700 1 |a Christensen, Poul Bo  |4 oth  |9 566373 
700 1 |a Jensen, Ole G.  |4 oth  |9 566374 
700 1 |a Müller, Rolf  |4 pht  |9 566375 
700 1 |a Silis, Ivan  |4 pht  |9 566376 
958 |a ZS 
958 |a OND 
999 |c 868607  |d 870537 
952 |t P60, <04>, [BOOK], {604}  |a SNK  |b SNK  |y VYP  |7 0  |p 17A0175716  |o snkOSB 9806  |0 0  |1 0  |4 0  |d 1999-01-08  |l 0  |r 2005-01-01 00:00:00  |w 2026-02-24